Pro D2, clubs de la saison 2024-2025. - Statistiques

Statistiques générales
  • Ce quiz a été pris 34 fois
  • Le résultat moyen est 14 sur 16
Statistiques - réponses
Classement saison 2024 Clubs % Correct
2e FC Grenoble
100%
14e Biarritz olympique
97%
15e US Montauban
97%
8e Stade montois
93%
12e Soyaux Angoulême XV
93%
6e CA Brive
93%
1er (Nationale) Stade niçois
90%
13e SU Agen
86%
3e Provence Rugby
86%
5e US Dax
86%
14e (Top 14) US Oyonnax
86%
4e AS Béziers
83%
9e Stade aurillacois
79%
10e US Colomiers
69%
11e Valence Romans DR
66%
7e USO Nevers
62%
Aucun quiz correspondant
Distribution des résultats
% des personnes avec chaque résultat
Percentile par nombre de réponses
Votre historique - résultats
Vous n’avez pas pris ce quiz